Statistiques concernant Palmarès Sergio Ramos

Cliquez ici pour prendre le quiz!

Statistiques générales

  • Ce quiz a été pris 85 fois
  • Le résultat moyen est 9 sur 13

Statistiques - réponses

AnnéeTrophée% Correct
2014, 2016, 2017 et 2018Ligue des Champions4
99%
2007, 2008, 2012, 2017 et 2020LaLiga5
95%
2010Coupe du Monde1
93%
2008 et 2012Euro2
90%
2004Euro U-191
90%
2022 et 2023Ligue 12
85%
2011 et 2014Coupe d'espagne2
72%
2022Trophée des champions1
56%
2008, 2012, 2017 et 2020Supercoupe d'Espagne4
54%
2014, 2016, 2017 et 2018Coupe du Monde des Clubs4
50%
2014, 2016 et 2017Supercoupe de l'UEFA3
39%
2008, 2011, 2012, 2013, 2014,
2015, 2016, 2017, 2018, 2019
et 2020
Onze d'or11
33%
2017 et 2018Meilleur défenseur de l'année2
30%

Distribution des résultats

Percentile par nombre de réponses

% des personnes avec chaque résultat

Votre développement - résultats

Vous n’avez pas pris ce quiz